| 000 | 01270 a2200229 4500 | ||
|---|---|---|---|
| 005 | 20080910163455.0 | ||
| 008 | 080910t xxu||||| |||| 00| 0 hin d | ||
| 010 | _aHIN-79540 | ||
| 020 |
_a8173120765 _c200.00 |
||
| 035 | _aHN-51886 | ||
| 037 | _bD.B.Act / pub | ||
| 082 | _a821.08 | ||
| 100 | _aशुक्ल, रामचन्द्र | ||
| 245 |
_aमहाकवि सूरदास कृतःभ्रमरगीत सार _cरामचन्द्र शुक्ल |
||
| 246 |
_aMahakavi surdas krit :bhramar geet saar _bby Ramchandra Shukul |
||
| 260 |
_aदिल्ली _bकान्ती पब्लिकेशन्स _c2007 |
||
| 270 |
_aए-507/12,करतार नगर,बाबा श्यामगिरि मार्ग,साउथ गांवड़ी एक्सटेंशन _bदिल्ली _e110053 _k22941694 |
||
| 300 |
_a163पृ _c22 सेमी (सजिल्द) |
||
| 650 | _aसूरदास | ||
| 942 |
_adpl _cHN _k821.08 / शुक्लरा _2ddc _h821.08 _mशुक्लरा |
||
| 999 |
_c2938 _d2938 |
||